000 00801nam a2200241Ia 4500
003 OSt
005 20220923213117.0
006 a|||||r|||| 00| 0
007 ta
008 220922b |||||||| |||| 00| 0 hin d
024 _a158,984
037 _cTextual
040 _aARTS
_cARTS
_bhin
041 _2hin
_ahin
082 _aO152v235, K3
100 _aदिवाकर, कृष्णजी गंगाधर
245 0 _aमहाराष्ट्र का हिन्दी लोक काव्य
246 _ahinārāṣhṭra kā hindī lok kāvya
260 _c1963
650 _aहिन्दी साहित्य
_9156264
942 _hO152v235, K3
_cTEXL
_2CC
999 _c313731
_d313731